000 00803nam0a22002531 4500
001 rc\3940125
005 20250611031647.0
021 _aRU
_b[55-60220]
035 _a(NLR Aleph) 008037745
090 _a8861534
_c8861534
100 _a20130415d1955 |||y0rusy50 ca
101 0 _arus
102 _aRU
105 _aa z |||||
200 1 _aОпыт электродного обогрева парников и теплиц
210 _aКемерово
_cКн. изд-во
_d1955
215 _a40 с.
_cил.
_d20
606 _aПарники и теплицы
_xОбогрев электродный
_2psbo
700 1 _aЕсиев
_bХ.А.
_gХазби Агубекирович
801 0 _aRU
_bNLR
_gpsbo
801 1 _aRU
_bELAR
_2rusmarc
852 _aNLR
_jС40 Г-4/2191
942 _cBOOK
980 _aNB